| 000 | 00926nam a22002417a 4500 | ||
|---|---|---|---|
| 001 | BRCA_9387 | ||
| 003 | FranzMayer | ||
| 005 | 20230918124430.0 | ||
| 008 | 230901b |||||||| |||| 00| 0 eng d | ||
| 020 | _a9788496956476 | ||
| 040 |
_aMFM _bESPAÑOL _cMFM |
||
| 050 | 0 |
_aF1231 _bT68 2009 |
|
| 100 | 1 |
_4Autor _aTovar de Teresa, Guillermo _929469 |
|
| 240 |
_aCrónica de una familia entre dos mundos _hLos Ribadeneira en México y España enlaces y sucesiones _lEspañol |
||
| 245 | 0 |
_aCrónica de una familia entre dos mundos _bLos Ribadeneira en México y España enlaces y sucesiones |
|
| 260 |
_aEspaña _bEscuela de plata _c2009 |
||
| 300 |
_a281 p _c21 cm |
||
| 500 | _aAnexo 1 | ||
| 505 | _aTexto en: españolIncluye índice temáticoDirigido a: historiadores y cronologistas | ||
| 650 | 1 |
_2América Latina _aEspaña _vMéxico _929470 |
|
| 651 | 2 |
_2Nueva España _a1519-1824 _vCrónicas _929471 |
|
| 942 |
_2lcc _cB |
||
| 999 |
_c11009 _d11009 |
||